Natasha's dance : (Record no. 101374)

MARC details
000 -LEADER
campo de control de longitud fija 01343nam a2200289 i 4500
003 - IDENTIFICADOR DE NÚMERO DE CONTROL
campo de control BJBSDDR
005 - FECHA Y HORA DE LA ÚLTIMA TRANSACCIÓN
campo de control 20260309130055.0
007 - CAMPO FIJO DE DESCRIPCIÓN FÍSICA--INFORMACIÓN GENERAL
campo de control de longitud fija ta
008 - DATOS DE LONGITUD FIJA--INFORMACIÓN GENERAL
campo de control de longitud fija 121107s2003 enka g 001 0 eng d
020 ## - NÚMERO INTERNACIONAL ESTÁNDAR DEL LIBRO
Número Internacional Estándar del Libro 9780140297966
040 ## - FUENTE DE CATALOGACIÓN
Lengua de catalogación eng
Centro/agencia transcriptor DLC
041 0# - CÓDIGO DE IDIOMA
Código de lengua del texto/banda sonora o título independiente eng
050 14 - SIGNATURA TOPOGRÁFICA DE LA BIBLIOTECA DEL CONGRESO
Número de clasificación 338 DK 32
Número de ítem F471n 2003
082 00 - NÚMERO DE LA CLASIFICACIÓN DECIMAL DEWEY
Número de clasificación 947
100 1# - ENTRADA PRINCIPAL--NOMBRE DE PERSONA
Nombre de persona Figes, Orlando,
Fechas asociadas al nombre 1959-
9 (RLIN) 3645
245 10 - MENCIÓN DEL TÍTULO
Título Natasha's dance :
Resto del título a cultural history of Russia /
Mención de responsabilidad, etc. Orlando Figes.
260 ## - PUBLICACIÓN, DISTRIBUCIÓN, ETC.
Lugar de publicación, distribución, etc. London :
Nombre del editor, distribuidor, etc. Penguin Books,
Fecha de publicación, distribución, etc. 2003.
300 ## - DESCRIPCIÓN FÍSICA
Extensión xxxiii, 728 pages, 16 pages of plates :
Otras características físicas illustrations (some color), maps ;
Dimensiones 25 cm
500 ## - NOTA GENERAL
Nota general A history of Russia's mighty culture. It covers the lives of those who have shaped its culture, and the enduring spirit of a people.
504 ## - NOTA DE BIBLIOGRAFÍA, ETC.
Nota de bibliografía, etc. Includes bibliographical references and index.
505 0# - NOTA DE CONTENIDO CON FORMATO
Nota de contenido con formato 1. European Russia --<br/>2. Children of 1812 --<br/>3. Moscow! Moscow! --<br/>4. The peasant marriage --<br/>5. In search of the Russian soul --<br/>6. Descendants of Genghiz Khan --<br/>7. Russia through the Soviet lens --<br/>8. Russia abroad.
520 ## - RESUMEN, ETC.
Sumario, etc. Examines the culture of Russia, using the lives of writers, artists, and musicians to show how Russia has struggled to define its own soul in the twentieth century.
650 #4 - PUNTO DE ACCESO ADICIONAL DE MATERIA--TÉRMINO DE MATERIA
Término de materia o nombre geográfico como elemento de entrada Civilización
9 (RLIN) 144
651 #4 - PUNTO DE ACCESO ADICIONAL DE MATERIA--NOMBRE GEOGRÁFICO
Nombre geográfico Rusia
Subdivisión general Civilización
9 (RLIN) 2664
942 ## - ELEMENTOS DE ENTRADA SECUNDARIOS (KOHA)
Fuente del sistema de clasificación o colocación Clasificación de Library of Congress
Tipo de ítem Koha Libro
946 ## - PROCESAMIENTO DE INFORMACIÓN LOCAL (OCLC)
a PP
Holdings
Estatus retirado Estado de pérdida Fuente del sistema de clasificación o colocación Estado de daño No para préstamo Colección Biblioteca de origen Biblioteca actual Ubicación en estantería Fecha de adquisición Signatura topográfica completa Código de barras Visto por última vez Copia número Tipo de ítem Koha
    Clasificación de Library of Congress     Recursos Regionales Biblioteca Juan Bosch Biblioteca Juan Bosch Recursos Regionales (2do. Piso) 10/04/2023 338 DK 32 F471n 2003 00000101257 21/01/2019 1 Libro